000 00215 a2200097 4500
001 13932
100 _aHuxley Aldous
245 _aTexts and Pretexts
260 _aLondon
_bChatto & windus
_c
090 _c10900
_d10900
942 _aNUST-CAE
_cM
_c1004
999 _c249005
_d249005